000 05608nam a2200409 a 4500
003 CHAP
005 20241205090708.0
007 ta
008 231010s2021 mx adbofom||| 001 0 spa d
040 _erda
041 _aspa
_beng
100 1 _9188101
_aMarcos Toxqui, Jessica Guadalupe
245 1 0 _aEstrategia de valorización para mejorar el posicionamiento y consumo de pitahaya en la región mixteca /
_cJessica Guadalupe Marcos Toxqui
264 _aChapingo, México :
_bEl autor,
_c2021
300 _a1 recurso en línea (92 páginas) :
_bilustraciones, tablas, gráficas, mapas, fotos
336 _2rdacontent
_atexto
_btxt
337 _2rdamedia
_acomputadora
_bc
338 _2rdacarrier
_arecurso en línea
_bcr
502 _aTesis
_bIA
_cAgroindustrias
_d2021
_gLIC
504 _aBibliografía: páginas 80-92
520 3 _aLa pitahaya aún no ha tomado importancia relevante en México, a pesar de ser una fruta exótica con grandes cualidades nutricionales, debido a que el mayor consumo se localiza en las zonas de producción y la falta de información sobre la fruta genera desconocimiento en un sector de la población. La Mixteca de Puebla y Oaxaca son regiones productoras potenciales de pitahaya ya que cuentan con las condiciones para que este cultivo se desarrolle. El objetivo esta investigación fue diseñar una estrategia valorización de la pitahaya, mediante el análisis de la producción y consumo de pitahaya. Para caracterizar la producción, se aplicaron encuestas a los productores de pitahaya solicitando datos generales del productor, datos de su unidad de producción y dinámicas de innovaciones; para conocer el diagnóstico de la producción de pitahaya se realizó un análisis económico y un análisis de innovaciones, se sugirieron tres sistemas de producción: tradicional, tecnificado y semi- tecnificado, los datos obtenidos mostraron que el mejor sistema es el tecnificado, debido a que presenta la mejor actividad económica, los mejores rendimientos y los mayores índices de adopción de innovación (INAI). Se realizó un análisis CATA para conocer las preferencias de consumo de pitahaya, sin embargo, los consumidores no lograron diferenciar las muestras de pitahaya. Se diseñaron encuestas para conocer el valor conceptual, el significado de compra y la disposición a pagar de los consumidores de pitahaya, los datos obtenidos siguieren que se deben resaltar los atributos tangibles (utilitarios) como atributos de sabor, materia prima, atributos de calidad, sabor, características y aspectos de la fruta, economía, variedad de la fruta e industria y alimento, fueron los más representativos para la pitahaya y los intangibles (simbólicos) como hedonismo. La disposición a pagar (DAP) permitió conocer si los consumidores están dispuestos a pagar un sobreprecio por la fruta.
520 3 _aThe pitahaya has not yet taken on relevant importance in Mexico, despite being an exotic fruit with great nutritional qualities, due to the fact that the highest consumption is located in the production areas and the lack of information about the fruit generates ignorance in a sector of the population. The Mixtec de Puebla and Oaxaca are potential producing regions of pitahaya since they have the conditions for this crop to develop. The objective of this research was to design a strategy for the valorization of pitahaya, by analyzing the production and consumption of pitahaya. To characterize production, surveys were applied to pitahaya producers requesting general data from the producer, data from their production unit and dynamics of innovations; To know the diagnosis of pitahaya production, an economic analysis and an analysis of innovations were carried out, three production systems were suggested: traditional, technical and semi-technical, the data obtained showed that the best system is the technical one, because presents the best economic activity, the best returns and the highest innovation adoption rates (INAI). A CATA analysis was carried out to know the consumption preferences of pitahaya, however, consumers were not able to differentiate the pitahaya samples. Surveys were designed to know the conceptual value, the meaning of purchase and the willingness to pay of pitahaya consumers, the data obtained suggests that tangible (utilitarian) attributes such as flavor attributes, raw material, quality attributes, should be highlighted. flavor, characteristics and aspects of the fruit, economy, variety of fruit and industry and food, were the most representative for pitahaya and intangibles (symbolic) such as hedonism. The willingness to pay (DAP) allowed us to know if consumers are willing to pay a premium for the fruit
650 1 3 _9185498
_aCactaceae
_2atg
650 1 3 _9185498
_aCactaceae
_xAdopción de innovaciones
_2atg
650 1 3 _9185498
_aCactaceae
_xTecnología de producción
_2atg
650 1 3 _9185498
_aCactaceae
_xIndustria y comercio
_2atg
650 1 3 _9185498
_aCactaceae
_xIniciativa empresarial
_2atg
650 1 3 _9185498
_aCactaceae
_xInnovation adoption
_2atg
650 1 3 _9185498
_aCactaceae
_xProduction technology
_2atg
650 1 3 _9185498
_aCactaceae
_xIndustry and trade
_2atg
650 1 3 _9185498
_aCactaceae
_xEntrepreneurship
_2atg
700 1 _9147446
_aEspejel García, Anastacio
_edirector
700 1 _aBarrera Rodríguez, Ariadna Isabel
_easesora
_9163078
700 1 _9147030
_aLópez Bautista, Vicente
_easesor
856 4 0 _yDESCARGAR PDF
_uhttp://10.13.5.2/tesis/tl/1511470-8_Marcos_Toxqui_Jessica_Guadalupe.pdf
942 _2Clasificación Universidad Autónoma Chapingo
_cTD
999 _c219246
_d219246